[Event "Xtracon Chess Open 2016"]
[Site "Elsinore"]
[Date "2016.07.24"]
[Round "3.45"]
[White "Machlik, Endre"]
[Black "Nielsen, Hogni Egilstoft"]
[Result "1-0"]
[WhiteElo "2091"]
[BlackElo "2301"]
[PlyCount "67"]
[EventDate "2016.07.23"]

1. d4 Nf6 2. c4 g6 3. Nc3 Bg7 4. e4 d6 5. f4 O-O 6. Nf3 c5 7. d5 e6 8. dxe6
Bxe6 9. Bd3 Nc6 10. f5 Bc8 11. O-O Ng4 12. Nd5 Nge5 13. Nxe5 Bxe5 14. Qf3 Nd4
15. Qf2 f6 16. fxg6 hxg6 17. Qh4 Rf7 18. Qh6 Rg7 19. Bf4 f5 20. Rae1 Qf8 21.
Bxe5 dxe5 22. exf5 Bxf5 23. Rxe5 Bxd3 24. Nf6+ Kf7 25. Nd7+ Bxf1 26. Nxf8 Rxf8
27. Kxf1 Kg8+ 28. Kg1 b6 29. h4 Nf5 30. Qg5 Nd6 31. Re6 Nf7 32. Qe3 Kh7 33. Qe4
Rd8 34. h5 1-0

[Event "Xtracon Chess Open 2016"]
[Site "Elsinore"]
[Date "2016.07.24"]
[Round "3.46"]
[White "Schmitt, Carsten"]
[Black "Veng, Johnny"]
[Result "1/2-1/2"]
[WhiteElo "2008"]
[BlackElo "2280"]
[PlyCount "25"]
[EventDate "2016.07.23"]

1. c4 e5 2. g3 Nf6 3. Bg2 c6 4. d4 Bb4+ 5. Bd2 Bxd2+ 6. Qxd2 e4 7. d5 O-O 8.
Nc3 Re8 9. Nh3 d6 10. Ng5 e3 11. fxe3 Ng4 12. dxc6 Nxc6 13. Nge4 1/2-1/2

[Event "Xtracon Chess Open 2016"]
[Site "Elsinore"]
[Date "2016.07.24"]
[Round "3.47"]
[White "Merkesvik, Sondre"]
[Black "Garberg, Tore"]
[Result "1-0"]
[WhiteElo "2263"]
[BlackElo "1989"]
[PlyCount "59"]
[EventDate "2016.07.23"]

1. Nf3 Nf6 2. d4 d5 3. g3 g6 4. Bg2 Bg7 5. c4 c6 6. b3 O-O 7. O-O Nbd7 8. Nc3
Nb6 9. Ne5 Ng4 10. Nxg4 Bxg4 11. cxd5 Nxd5 12. Nxd5 cxd5 13. Qd2 Qb6 14. e3
Rfd8 15. Ba3 Bf6 16. Rfc1 h5 17. h4 Qa6 18. Qb4 Rd7 19. Rc5 e6 20. Bf1 Be2 21.
Ra5 Qd3 22. Qa4 Rc7 23. Rxa7 Rxa7 24. Qxa7 Qc3 25. Rb1 Bf3 26. Bc5 Kg7 27. Qa3
Kh7 28. Bg2 Bg4 29. Qb4 Rxc5 30. Qxc5 1-0

[Event "Xtracon Chess Open 2016"]
[Site "Elsinore"]
[Date "2016.07.24"]
[Round "3.48"]
[White "Haugli, Petter"]
[Black "Rosell, Sven"]
[Result "1-0"]
[WhiteElo "2257"]
[BlackElo "1996"]
[PlyCount "141"]
[EventDate "2016.07.23"]

1. d4 Nf6 2. c4 g6 3. Nc3 Bg7 4. e4 d6 5. Be2 O-O 6. Bg5 h6 7. Be3 e5 8. d5 a5
9. Qd2 Kh7 10. f3 Na6 11. O-O-O Nc5 12. g4 Ng8 13. h4 b6 14. Kb1 f5 15. h5 f4
16. hxg6+ Kxg6 17. Bf2 Bd7 18. Nh3 Ne7 19. Rdg1 Rh8 20. Bd1 Qf8 21. Bc2 Kf7 22.
b3 Ke8 23. a3 Kd8 24. Kb2 Kc8 25. b4 axb4 26. axb4 Nb7 27. Ra1 Rb8 28. Ba4 Bf6
29. Bb5 Qf7 30. Qc2 Bxb5 31. Nxb5 Kd8 32. Ra6 Qe8 33. Qa4 Qd7 34. Ng1 Ng6 35.
Ne2 Ke7 36. Ra7 Qc8 37. Nec3 Bg5 38. Kc2 Kf6 39. Ra6 Ne7 40. Na7 Qe8 41. Nc6
Rc8 42. Ra7 Ra8 43. Ra1 Rxa7 44. Qxa7 Qc8 45. Rh1 Qa8 46. Qxa8 Rxa8 47. Kb2 Nd8
48. Nxd8 Rxd8 49. Nb5 Rc8 50. Ra1 c5 51. Nxd6 Rb8 52. bxc5 bxc5+ 53. Nb5 Kg6
54. Bxc5 Bf6 55. Bxe7 Bxe7 56. Ra6+ Kg5 57. Re6 Bc5 58. Rxe5+ Kh4 59. Kc2 Kg3
60. d6 Be3 61. d7 Rd8 62. Rd5 Kxf3 63. e5 Kg2 64. e6 f3 65. e7 f2 66. Rf5 Rxd7
67. e8=Q Rd2+ 68. Kc3 Re2 69. Qe4+ Kg1 70. Qf3 Re1 71. Rh5 1-0

[Event "Xtracon Chess Open 2016"]
[Site "Elsinore"]
[Date "2016.07.24"]
[Round "3.49"]
[White "Thorsbro, Peter"]
[Black "Frisk, Hans"]
[Result "1-0"]
[WhiteElo "2239"]
[BlackElo "1981"]
[PlyCount "63"]
[EventDate "2016.07.23"]

1. d4 Nf6 2. c4 e6 3. Nc3 Bb4 4. Qc2 O-O 5. a3 Bxc3+ 6. Qxc3 b6 7. e3 Bb7 8. f3
c5 9. dxc5 bxc5 10. Qc2 d6 11. Ne2 Nbd7 12. Nc3 d5 13. Be2 d4 14. exd4 cxd4 15.
Nd1 Nc5 16. Nf2 a5 17. b3 e5 18. O-O e4 19. fxe4 Nfxe4 20. Nd3 a4 21. bxa4 Rxa4
22. Rb1 Qd7 23. Rb5 Nxd3 24. Bxd3 Nc3 25. Bxh7+ Kh8 26. Rh5 Qg4 27. Rh3 Bxg2
28. Qxg2 Qxg2+ 29. Kxg2 Ra5 30. Bf4 Rxa3 31. Bd6 Ra2+ 32. Kh1 1-0

[Event "Xtracon Chess Open 2016"]
[Site "Elsinore"]
[Date "2016.07.24"]
[Round "3.50"]
[White "Jensen, Michael Agermose"]
[Black "Brondt, Nicolai Kvist"]
[Result "1/2-1/2"]
[WhiteElo "2001"]
[BlackElo "2231"]
[PlyCount "98"]
[EventDate "2016.07.23"]

1. e4 c5 2. d4 cxd4 3. c3 d3 4. Bxd3 Nc6 5. c4 e5 6. Nf3 Bc5 7. O-O d6 8. h3
Nge7 9. Nc3 O-O 10. a3 Nd4 11. Nxd4 Bxd4 12. Nb5 Nc6 13. Nxd4 Nxd4 14. Be3 Ne6
15. Qd2 Qf6 16. Rad1 Rd8 17. Be2 Bd7 18. Bg4 Ba4 19. Bxe6 Qxe6 20. Rc1 a6 21.
Rc3 Bc6 22. Qc2 g6 23. Bb6 Rd7 24. Rg3 Re8 25. Re1 Rf8 26. Qc1 f5 27. exf5 Qxf5
28. Qg5 Qxg5 29. Rxg5 Kf7 30. c5 Kf6 31. Rg3 Re8 32. cxd6 Rxd6 33. Ba5 e4 34.
Bc3+ Kf7 35. Rge3 Rd3 36. Kh2 Red8 37. Kg3 R8d6 38. Kh2 Rd7 39. Kg1 h5 40. h4
R7d6 41. Kh2 Re6 42. Kg1 Ke7 43. Rxd3 exd3 44. Rxe6+ Kxe6 45. f3 Kd5 46. Kf2
Bd7 47. Ke3 Kc4 48. Kd2 Bf5 49. Bf6 b5 1/2-1/2

[Event "Xtracon Chess Open 2016"]
[Site "Elsinore"]
[Date "2016.07.24"]
[Round "3.51"]
[White "Ranaldi, Lucas"]
[Black "Aubert, Carsten"]
[Result "1-0"]
[WhiteElo "2228"]
[BlackElo "1977"]
[PlyCount "103"]
[EventDate "2016.07.23"]

1. Nf3 Nf6 2. c4 e6 3. Nc3 d5 4. d4 Bb4 5. Bg5 c6 6. Qc2 Nbd7 7. e3 Qa5 8. Nd2
dxc4 9. Bxf6 Nxf6 10. Bxc4 e5 11. Nb3 Qc7 12. O-O O-O 13. h3 Re8 14. Rac1 Be6
15. Bxe6 Rxe6 16. a3 Bf8 17. Rfd1 Ree8 18. d5 cxd5 19. Nxd5 Qxc2 20. Nxf6+ gxf6
21. Rxc2 Rad8 22. Rxd8 Rxd8 23. Kf1 f5 24. Ke2 Rd7 25. Rc8 Kg7 26. Nd2 Rd5 27.
g3 e4 28. Kd1 b5 29. Kc2 Bc5 30. Rc6 Bb6 31. Nb1 h6 32. Nc3 Re5 33. Ne2 Re7 34.
Nf4 Re5 35. Nh5+ Kh7 36. Nf6+ Kg7 37. Nd7 Rd5 38. Nxb6 axb6 39. Rxb6 h5 40. h4
Kh7 41. Rc6 Kg7 42. Kb3 Rd2 43. Rc2 Rd5 44. a4 bxa4+ 45. Kxa4 Rd1 46. b4 Rb1
47. Ka5 Kf6 48. b5 Ke6 49. Ka6 Kd7 50. b6 Rb3 51. Rc7+ Kd8 52. Rxf7 1-0

[Event "Xtracon Chess Open 2016"]
[Site "Elsinore"]
[Date "2016.07.24"]
[Round "3.52"]
[White "Rasmussen, Morten Fredsgaard"]
[Black "Muhsen, Abdulla.mohmmed"]
[Result "0-1"]
[WhiteElo "1972"]
[BlackElo "2227"]
[PlyCount "40"]
[EventDate "2016.07.23"]

1. d4 f5 2. Nf3 Nf6 3. Bf4 g6 4. e3 Bg7 5. c4 d6 6. Nc3 c6 7. Be2 O-O 8. O-O h6
9. Nd2 Qe8 10. Bg3 Na6 11. f4 Kh7 12. a3 Nc7 13. Qc2 Nd7 14. d5 e5 15. dxe6
Nxe6 16. e4 Nd4 17. Qd3 Nc5 18. Qb1 Ndb3 19. Nxb3 Nxb3 20. Ra2 Nd2 0-1

[Event "Xtracon Chess Open 2016"]
[Site "Elsinore"]
[Date "2016.07.24"]
[Round "3.53"]
[White "Kaasen, Tor Fredrik"]
[Black "Skovgaard, Ib"]
[Result "0-1"]
[WhiteElo "2219"]
[BlackElo "1972"]
[PlyCount "86"]
[EventDate "2016.07.23"]

1. e4 Nf6 2. e5 Nd5 3. d4 d6 4. c4 Nb6 5. exd6 cxd6 6. d5 g6 7. Qd4 e5 8. dxe6
f6 9. Nc3 Nc6 10. Qe3 d5 11. cxd5 Nxd5 12. Nxd5 Qxd5 13. Bd2 Bxe6 14. Bc3 O-O-O
15. Be2 Bc5 16. Qf3 Nd4 17. Qxd5 Bxd5 18. Kf1 Nxe2 19. Nxe2 Bc4 20. b4 Bd4 21.
Bxd4 Rxd4 22. Rc1 Re8 23. g3 Kb8 24. Rxc4 Rxc4 25. Nf4 Rc1+ 26. Kg2 Rxh1 27.
Kxh1 Re1+ 28. Kg2 Ra1 29. Nd5 f5 30. Nf6 h5 31. Nd7+ Kc7 32. Nf8 Rxa2 33. Nxg6
Rb2 34. Nf4 Kd6 35. Nxh5 Rxb4 36. h4 a5 37. Ng7 Ke5 38. h5 Kf6 39. h6 Re4 40.
f3 Re7 41. g4 fxg4 42. fxg4 Rxg7 43. hxg7 Kxg7 0-1

[Event "Xtracon Chess Open 2016"]
[Site "Elsinore"]
[Date "2016.07.24"]
[Round "3.54"]
[White "Jorgensen, Dennis"]
[Black "Kizatbay, Abyl"]
[Result "1/2-1/2"]
[WhiteElo "2215"]
[BlackElo "1961"]
[PlyCount "92"]
[EventDate "2016.07.23"]

1. d4 Nf6 2. c4 g6 3. g3 Bg7 4. Bg2 d5 5. Nf3 O-O 6. O-O dxc4 7. Na3 Nc6 8.
Nxc4 Be6 9. b3 Bd5 10. Bb2 a5 11. Rc1 a4 12. bxa4 Ra6 13. a3 Be4 14. Nfe5 Bxg2
15. Kxg2 Qa8 16. Kg1 Rxa4 17. Qb3 Ne4 18. Rfd1 Qa7 19. Qf3 Nxe5 20. dxe5 Ng5
21. Qe3 Ne6 22. Qxa7 Rxa7 23. Rd7 Rd8 24. Rxd8+ Nxd8 25. Ne3 c6 26. Nc4 Ne6 27.
f4 b5 28. Ne3 c5 29. Nd5 Bf8 30. g4 c4 31. f5 Nc7 32. e4 e6 33. Nf6+ Kg7 34.
Ra1 b4 35. axb4 Rxa1+ 36. Bxa1 Bxb4 37. Kf2 c3 38. Ke3 c2 39. Bb2 Bc3 40. Bc1
Bxe5 41. Nd7 Bxh2 42. f6+ Kh6 43. Kd3+ g5 44. Kxc2 Kg6 45. Nf8+ Kh6 46. Ba3 Ne8
1/2-1/2

[Event "Xtracon Chess Open 2016"]
[Site "Elsinore"]
[Date "2016.07.24"]
[Round "3.55"]
[White "Kizatbay, Alseit"]
[Black "Rolvag, Mikael"]
[Result "0-1"]
[WhiteElo "1945"]
[BlackElo "2214"]
[PlyCount "60"]
[EventDate "2016.07.23"]

1. d4 Nf6 2. c4 e6 3. Nf3 b6 4. g3 Bb7 5. Bg2 Be7 6. O-O O-O 7. Nc3 Ne4 8. Re1
Nxc3 9. bxc3 Be4 10. Ne5 Bxg2 11. Kxg2 d6 12. Nd3 Nc6 13. e4 Na5 14. Nb2 Qd7
15. Bd2 c5 16. d5 Rae8 17. Qg4 Qc8 18. Rad1 f5 19. exf5 e5 20. Re4 Rxf5 21.
Rde1 Ref8 22. Nd3 Qb7 23. f4 b5 24. fxe5 Nxc4 25. Bh6 Bd8 26. exd6 Nxd6 27.
Nxc5 Qf7 28. Ne6 Nxe4 29. Rxe4 Rf2+ 30. Kg1 Rg2+ 0-1

[Event "Xtracon Chess Open 2016"]
[Site "Elsinore"]
[Date "2016.07.24"]
[Round "3.56"]
[White "Petersen, Peter Birk"]
[Black "Smeby, Ole"]
[Result "1/2-1/2"]
[WhiteElo "2197"]
[BlackElo "1847"]
[PlyCount "116"]
[EventDate "2016.07.23"]

1. e4 d5 2. exd5 Qxd5 3. Nf3 Bg4 4. Be2 c6 5. d4 Nf6 6. c4 Qd8 7. O-O e6 8. Nc3
Be7 9. h3 Bxf3 10. Bxf3 O-O 11. Be3 Nbd7 12. Rb1 Qc7 13. b4 Rfd8 14. Qb3 Bd6
15. Rfd1 Bh2+ 16. Kh1 Bf4 17. Bxf4 Qxf4 18. b5 Rab8 19. Ne2 Qc7 20. g3 e5 21.
Bg2 exd4 22. Nxd4 Nc5 23. Qc2 cxb5 24. cxb5 Qb6 25. a4 Rbc8 26. Nf5 Rxd1+ 27.
Rxd1 Qc7 28. Re1 Re8 29. Rxe8+ Nxe8 30. Kg1 Qe5 31. Ne3 b6 32. Qd2 Qd6 33. Qa2
Nf6 34. a5 g6 35. axb6 axb6 36. Qa8+ Kg7 37. Qc6 Qxc6 38. bxc6 Ne6 39. Kf1 Kf8
40. Ke2 Ke7 41. Kd3 Nc7 42. Kd4 Nfe8 43. Nc4 b5 44. Na5 Ne6+ 45. Kc3 N8c7 46.
Kb4 Kd6 47. Nb7+ Ke5 48. f4+ Kd4 49. Bf1 Kd5 50. Na5 Ke4 51. Bxb5 Nxb5 52. Kxb5
Kf3 53. Nb7 Nd4+ 54. Kc5 Nxc6 55. Kxc6 Kxg3 56. Nd8 Kxf4 57. Nxf7 Kg3 58. Kd5
Kxh3 1/2-1/2

[Event "Xtracon Chess Open 2016"]
[Site "Elsinore"]
[Date "2016.07.24"]
[Round "3.57"]
[White "Bering, Anders"]
[Black "Johansen, Oivind"]
[Result "0-1"]
[WhiteElo "1967"]
[BlackElo "2180"]
[PlyCount "98"]
[EventDate "2016.07.23"]

1. e4 d5 2. exd5 Qxd5 3. Nc3 Qa5 4. d4 Nf6 5. Nf3 c6 6. Bd2 Qc7 7. Bc4 Bf5 8.
Qe2 e6 9. O-O-O b5 10. Bd3 Bxd3 11. Qxd3 Nbd7 12. Bg5 Bd6 13. Rhe1 O-O 14. Ne4
Bf4+ 15. Bxf4 Qxf4+ 16. Kb1 Nd5 17. g3 Qc7 18. Neg5 N7f6 19. Ne5 h6 20. Ne4
Nxe4 21. Qxe4 Rac8 22. f4 Rfd8 23. f5 Nf6 24. Qf3 Rd6 25. fxe6 Rxe6 26. Ng4
Nxg4 27. Rxe6 Nxh2 28. Qe2 fxe6 29. Qxh2 Rf8 30. b3 Rf3 31. Qh3 Qf7 32. Re1 Qf5
33. Qh1 Qd5 34. Qh3 Qf5 35. Qh1 Kf7 36. Qg2 Qd5 37. Rf1 Rxf1+ 38. Qxf1+ Qf5 39.
Qg2 Qd5 40. Qf2+ Kg6 41. Qf4 h5 42. Qe3 a5 43. Qd3+ Kh6 44. Qd2+ g5 45. Qf2 Kg6
46. Qe3 h4 47. gxh4 gxh4 48. Qf2 Qg5 49. Qe3 Qxe3 0-1

[Event "Xtracon Chess Open 2016"]
[Site "Elsinore"]
[Date "2016.07.24"]
[Round "3.58"]
[White "Rasdal, Yngve"]
[Black "Eriksson, Christian Altenburg"]
[Result "0-1"]
[WhiteElo "1794"]
[BlackElo "2176"]
[PlyCount "72"]
[EventDate "2016.07.23"]

1. d4 Nf6 2. c4 e6 3. g3 Bb4+ 4. Bd2 Qe7 5. Bg2 Nc6 6. a3 Bxd2+ 7. Qxd2 O-O 8.
Nc3 d6 9. e4 e5 10. d5 Nd4 11. Qd3 c5 12. Nge2 Bg4 13. O-O a6 14. Nxd4 cxd4 15.
Ne2 Bd7 16. h3 b5 17. cxb5 Bxb5 18. Qd2 Rfc8 19. Rfc1 Rab8 20. Rxc8+ Rxc8 21.
Nc1 Qb7 22. Nb3 Qb6 23. Na5 d3 24. Qb4 Rc2 25. Rf1 Qc5 26. Qxc5 dxc5 27. Rd1 c4
28. f4 Nd7 29. Nc6 Ba4 30. Bf3 f6 31. Bg4 Nc5 32. fxe5 fxe5 33. Rf1 g6 34. Nxe5
d2 35. Be6+ Nxe6 36. dxe6 Rc1 0-1

[Event "Xtracon Chess Open 2016"]
[Site "Elsinore"]
[Date "2016.07.24"]
[Round "3.59"]
[White "Gjare, Vidar"]
[Black "Christensen, Lasse"]
[Result "0-1"]
[WhiteElo "1646"]
[BlackElo "2162"]
[PlyCount "46"]
[EventDate "2016.07.23"]

1. e4 c6 2. c4 d5 3. cxd5 cxd5 4. exd5 Nf6 5. d4 g6 6. Nf3 Bg7 7. Bb5+ Nbd7 8.
Nc3 O-O 9. d6 exd6 10. O-O a6 11. Bd3 b5 12. b4 Nb6 13. a4 bxa4 14. Nxa4 Nbd5
15. b5 axb5 16. Bxb5 Nc3 17. Nxc3 Rxa1 18. Qd3 Bf5 19. Qd2 Qa5 20. Nh4 Ne4 21.
Nxe4 Bxe4 22. Qe3 Qxb5 23. Qxe4 Qc4 0-1

[Event "Xtracon Chess Open 2016"]
[Site "Elsinore"]
[Date "2016.07.24"]
[Round "3.60"]
[White "Dauth, Benjamin"]
[Black "Nielsen, Carsten Juul"]
[Result "1-0"]
[WhiteElo "2367"]
[BlackElo "1939"]
[PlyCount "33"]
[EventDate "2016.07.23"]

1. e4 c5 2. c3 Nf6 3. e5 Nd5 4. d4 cxd4 5. cxd4 e6 6. Nc3 Nxc3 7. bxc3 d6 8. f4
Qc7 9. Bd2 Be7 10. Nf3 b6 11. Bd3 Bb7 12. O-O Nc6 13. Qe1 Na5 14. f5 dxe5 15.
Nxe5 O-O 16. f6 Bxf6 17. Rxf6 1-0

[Event "Xtracon Chess Open 2016"]
[Site "Elsinore"]
[Date "2016.07.24"]
[Round "3.61"]
[White "Larsen, Peter"]
[Black "Linderod, Lars Erik"]
[Result "1-0"]
[WhiteElo "2265"]
[BlackElo "1935"]
[PlyCount "117"]
[EventDate "2016.07.23"]

1. Nf3 g6 2. e4 Bg7 3. d4 d6 4. c4 c5 5. Nc3 cxd4 6. Nxd4 Nf6 7. Be2 O-O 8. O-O
Nc6 9. Be3 Bd7 10. Qd2 Ng4 11. Bxg4 Bxg4 12. Nd5 Rc8 13. f3 Nxd4 14. Bxd4 Be6
15. Bxg7 Kxg7 16. Qd4+ Kg8 17. Qxa7 Rxc4 18. Qxb7 Bxd5 19. exd5 Qa5 20. Qxe7
Qc5+ 21. Kh1 Rc2 22. b3 Ra8 23. a4 Qxd5 24. Qe4 Qxe4 25. fxe4 Rb8 26. Rfb1 Rb4
27. a5 Rc7 28. Kg1 Kg7 29. Ra3 Kf6 30. Re1 Ke5 31. Kf2 Rb5 32. a6 Ra7 33. Ke3
Rb6 34. Rea1 Ke6 35. Kd4 Rb4+ 36. Kd3 Kd7 37. R1a2 Kc6 38. Rc2+ Kd7 39. Rc4 Rb5
40. Kc3 Rh5 41. h3 Rg5 42. Ra2 f5 43. e5 Rg3+ 44. Kb4 dxe5 45. Rd2+ Ke7 46. Rc6
e4 47. Rb6 e3 48. Rc2 Kd7 49. Ka5 f4 50. Rb7+ Rxb7 51. axb7 e2 52. b8=N+ Kd6
53. Rd2+ Kc7 54. Na6+ Kc6 55. Nb4+ Kc7 56. Rxe2 Kd6 57. Rd2+ Ke5 58. Nc6+ Ke4
59. b4 1-0

[Event "Xtracon Chess Open 2016"]
[Site "Elsinore"]
[Date "2016.07.24"]
[Round "3.62"]
[White "Westerlund, Ola"]
[Black "Schmidt, Kristen"]
[Result "0-1"]
[WhiteElo "1930"]
[BlackElo "2241"]
[PlyCount "80"]
[EventDate "2016.07.23"]

1. d4 Nf6 2. c4 g6 3. Nf3 Bg7 4. g3 O-O 5. Bg2 d6 6. O-O a6 7. Nc3 Nc6 8. d5
Na5 9. Nd2 c5 10. Qc2 Rb8 11. b3 b5 12. Bb2 bxc4 13. bxc4 Bh6 14. Ncb1 e5 15.
Na3 Bf5 16. e4 Bd7 17. Bc3 Qc7 18. Rab1 Rfc8 19. Qd3 Ne8 20. f4 Rxb1 21. Naxb1
Nb7 22. Qf3 f6 23. h4 Nd8 24. fxe5 dxe5 25. Qe2 Nf7 26. Nb3 Nfd6 27. N1d2 Bg7
28. Kh2 h5 29. Bf3 Nf7 30. g4 hxg4 31. Bxg4 f5 32. Ba5 Qd6 33. exf5 Nh6 34. Ne4
Qe7 35. f6 Bxg4 36. Qe1 Nxf6 37. Ng5 Nf7 38. Ne6 Bh5 39. Nbxc5 Ng4+ 40. Kh3 Bf6
0-1

[Event "Xtracon Chess Open 2016"]
[Site "Elsinore"]
[Date "2016.07.24"]
[Round "3.63"]
[White "Bosselmann, Tom Linus"]
[Black "Hoyer, Jacob K"]
[Result "0-1"]
[WhiteElo "1928"]
[BlackElo "2212"]
[PlyCount "178"]
[EventDate "2016.07.23"]

1. e4 c5 2. d4 cxd4 3. c3 dxc3 4. Nxc3 Nc6 5. Nf3 d6 6. Bc4 a6 7. Be3 e6 8. Qe2
Nf6 9. h3 Be7 10. O-O O-O 11. Rfd1 Qc7 12. Rac1 Qb8 13. Bf4 Ne5 14. Nxe5 dxe5
15. Bg3 b5 16. Bb3 Rd8 17. Nb1 Rxd1+ 18. Rxd1 Bb7 19. Nd2 Qc7 20. Nf3 Bxe4 21.
Nxe5 Qb7 22. f3 Bd5 23. Bc2 Rc8 24. Bb1 Bd6 25. Bh4 Nd7 26. Qd3 Nf8 27. Ng4
Qb6+ 28. Kh1 Bb8 29. Bf2 Qc7 30. Bg1 Bc4 31. Qd4 e5 32. Qe4 Be6 33. Ne3 Qc6 34.
Qxc6 Rxc6 35. Rd8 Rc8 36. Rxc8 Bxc8 37. Nd5 Be6 38. Ne7+ Kh8 39. Bh2 Bd6 40.
Nc6 Nd7 41. b3 Bd5 42. Na7 Kg8 43. Nc8 Bc5 44. Bf5 Bc6 45. Bg1 Ba3 46. Na7 Nb8
47. Bb6 g6 48. Bc8 Bd7 49. Bb7 Bd6 50. Nc8 Bxc8 51. Bxc8 Kf8 52. Kg1 Ke7 53.
Kf2 Nd7 54. Ba5 Nb8 55. Bb6 f5 56. Bb7 Kd7 57. Ba7 Nc6 58. Bb6 Nb4 59. a3 Bc7
60. axb4 Bxb6+ 61. Ke2 a5 62. bxa5 Bxa5 63. Bd5 Kd6 64. Bg8 Ke7 65. Bd5 h5 66.
b4 Bxb4 67. Bc6 Kf6 68. Bxb5 Kg5 69. Be8 Bc5 70. f4+ exf4 71. Kf3 Be3 72. Bf7
Bd2 73. Be8 Kh6 74. Bd7 Kg7 75. h4 Be1 76. Kxf4 Bxh4 77. Bc6 Kf6 78. Be8 Be1
79. Kf3 h4 80. Bd7 Ke5 81. Be8 g5 82. Ke2 Ba5 83. Bd7 Bb6 84. Bc8 Kf4 85. Bd7
Kg3 86. Kf1 f4 87. Be6 g4 88. Ke2 f3+ 89. gxf3 gxf3+ 0-1

[Event "Xtracon Chess Open 2016"]
[Site "Elsinore"]
[Date "2016.07.24"]
[Round "3.65"]
[White "Wilbrandt, Simon Pil"]
[Black "Jarlnaes, Erik"]
[Result "1-0"]
[WhiteElo "2190"]
[BlackElo "1928"]
[PlyCount "87"]
[EventDate "2016.07.23"]

1. d4 Nf6 2. c4 g6 3. Nc3 d5 4. Nf3 Bg7 5. Qb3 dxc4 6. Qxc4 O-O 7. e4 c6 8. Qb3
Qc7 9. Be2 Bg4 10. Be3 Nbd7 11. Rc1 Qa5 12. O-O Qb6 13. Qc2 Bxf3 14. Bxf3 Qa5
15. Rfd1 e6 16. a3 Rac8 17. b4 Qd8 18. Qa2 Qe7 19. Be2 a6 20. Bg5 h6 21. Bh4 g5
22. Bg3 Rfe8 23. e5 Nd5 24. Ne4 Rb8 25. Nd6 Rf8 26. Bg4 N7b6 27. Qe2 Nf4 28.
Bxf4 gxf4 29. Ne4 Nd5 30. Nc5 Kh8 31. Qe4 Qg5 32. Be2 f3 33. Bxf3 Rfe8 34. g3
Bf8 35. Nb3 Rbd8 36. Na5 Rd7 37. h4 Qg6 38. Qxg6 fxg6 39. Bxd5 cxd5 40. Nb3
Ree7 41. Rc8 Kg7 42. Nc5 Rc7 43. Rxc7 Rxc7 44. Nxe6+ 1-0

[Event "Xtracon Chess Open 2016"]
[Site "Elsinore"]
[Date "2016.07.24"]
[Round "3.66"]
[White "Grove, Peter"]
[Black "Meyer, Juergen"]
[Result "1/2-1/2"]
[WhiteElo "2155"]
[BlackElo "1925"]
[PlyCount "83"]
[EventDate "2016.07.23"]

1. Nf3 d5 2. c4 c6 3. e3 Nf6 4. Nc3 g6 5. b3 Bg7 6. Bb2 O-O 7. h3 Nbd7 8. d4
Ne4 9. Nxe4 dxe4 10. Nd2 f5 11. Qc2 e6 12. O-O-O c5 13. d5 Bxb2+ 14. Qxb2 Qf6
15. f3 Qxb2+ 16. Kxb2 exd5 17. cxd5 exf3 18. gxf3 Ne5 19. Rh2 Bd7 20. f4 Nf7
21. e4 fxe4 22. Nxe4 Bf5 23. Nxc5 Nd6 24. Ne6 Rf6 25. Nc7 Rd8 26. Rhd2 a6 27.
Bg2 Rd7 28. Ne6 Re7 29. h4 h6 30. Bf3 Bxe6 31. dxe6 Rxf4 32. Bh1 Nf5 33. Rd7
Kg7 34. Rxe7+ Nxe7 35. Bxb7 a5 36. Bd5 h5 37. Bc4 Kf6 38. Rd8 Rxh4 39. Rf8+ Ke5
40. Re8 Kf6 41. Rf8+ Ke5 42. Re8 1/2-1/2

[Event "Xtracon Chess Open 2016"]
[Site "Elsinore"]
[Date "2016.07.24"]
[Round "3.67"]
[White "Edvardsen, Ragnar"]
[Black "Christensen, Bo Garner"]
[Result "0-1"]
[WhiteElo "1924"]
[BlackElo "2150"]
[PlyCount "68"]
[EventDate "2016.07.23"]

1. e4 c5 2. Nf3 d6 3. d4 cxd4 4. Nxd4 Nf6 5. Nc3 a6 6. Bg5 e6 7. f4 Be7 8. Qf3
Qc7 9. O-O-O Nbd7 10. g4 b5 11. Bxf6 gxf6 12. Bg2 Bb7 13. Rhe1 Rc8 14. Qe2 O-O
15. h4 Nb6 16. g5 Nc4 17. Rd3 Kh8 18. Bh3 b4 19. Nd1 Qa5 20. Kb1 Rfe8 21. Rg1
f5 22. Nxf5 Bf8 23. Nd4 Bg7 24. Nb3 Qb6 25. Rdg3 a5 26. h5 a4 27. Nc1 Bxe4 28.
Nd3 Qd4 29. Nxb4 Nxb2 30. h6 Qxb4 31. hxg7+ Kxg7 32. Nxb2 Rb8 33. Rb3 axb3 34.
axb3 Qxb3 0-1

[Event "Xtracon Chess Open 2016"]
[Site "Elsinore"]
[Date "2016.07.24"]
[Round "3.68"]
[White "Burrows, Martin P"]
[Black "Johansen, Johnny Holler"]
[Result "1/2-1/2"]
[WhiteElo "2149"]
[BlackElo "1919"]
[PlyCount "74"]
[EventDate "2016.07.23"]

1. e4 e6 2. d4 d5 3. Nc3 Bb4 4. e5 c5 5. a3 Bxc3+ 6. bxc3 Qc7 7. Qg4 f5 8. Qg3
Nc6 9. Nf3 Qf7 10. Be2 Nge7 11. Ng5 Qg6 12. Qh4 h5 13. O-O Bd7 14. dxc5 Nxe5
15. f4 Nf7 16. Nf3 Qf6 17. Qe1 Nc6 18. Be3 O-O-O 19. Qd2 Rdg8 20. Rab1 Qe7 21.
c4 g5 22. fxg5 dxc4 23. Bxc4 Nfe5 24. Bb5 Ng4 25. Bd4 e5 26. Rfe1 Nxd4 27. Qxd4
Rd8 28. Qc3 Bxb5 29. Rxb5 e4 30. Nh4 Qxg5 31. g3 Qd2 32. Qxd2 Rxd2 33. Nxf5
Nxh2 34. Rxe4 Nf3+ 35. Kf1 Nh2+ 36. Ke1 Nf3+ 37. Kf1 Nh2+ 1/2-1/2

[Event "Xtracon Chess Open 2016"]
[Site "Elsinore"]
[Date "2016.07.24"]
[Round "3.69"]
[White "Keen, Cosima"]
[Black "Leutwyler, Martin"]
[Result "0-1"]
[WhiteElo "1918"]
[BlackElo "2145"]
[PlyCount "36"]
[EventDate "2016.07.23"]

1. e4 c6 2. Ne2 d5 3. e5 c5 4. d4 Nc6 5. c3 cxd4 6. cxd4 Qb6 7. Nbc3 e6 8. a3
Nge7 9. Na4 Qc7 10. h3 Nf5 11. g4 Nh4 12. f4 Be7 13. Kf2 f6 14. Kg3 fxe5 15.
dxe5 O-O 16. Nac3 Nxe5 17. fxe5 Rf3+ 18. Kh2 Qxe5+ 0-1

[Event "Xtracon Chess Open 2016"]
[Site "Elsinore"]
[Date "2016.07.24"]
[Round "3.70"]
[White "Royset, Pal"]
[Black "Undheim, Bjarne"]
[Result "1-0"]
[WhiteElo "2144"]
[BlackElo "1910"]
[PlyCount "74"]
[EventDate "2016.07.23"]

1. d4 d5 2. Bg5 Nc6 3. e3 Nf6 4. Bxf6 exf6 5. c4 Be6 6. Nc3 Bb4 7. e4 Qe7 8. a3
Bxc3+ 9. bxc3 Nd8 10. cxd5 Bxd5 11. f3 O-O 12. Kf2 Be6 13. Bd3 Bd7 14. Ne2 Ne6
15. Qd2 Rfd8 16. Qe3 Be8 17. Ng3 g6 18. h4 h5 19. Nxh5 gxh5 20. Rh3 Ng7 21. Rg3
Bd7 22. Qh6 Qf8 23. e5 f5 24. f4 b5 25. Re1 Rab8 26. Ree3 Rb6 27. Qxh5 Rg6 28.
Rxg6 fxg6 29. Qxg6 Qf7 30. Qg5 Re8 31. Rg3 Qe7 32. Qxe7 Rxe7 33. d5 Kh7 34. Rg5
Be8 35. g4 Kh6 36. gxf5 Nh5 37. f6 Rh7 1-0

[Event "Xtracon Chess Open 2016"]
[Site "Elsinore"]
[Date "2016.07.24"]
[Round "3.71"]
[White "French, Max"]
[Black "Vesterli, Michael E"]
[Result "0-1"]
[WhiteElo "1908"]
[BlackElo "2141"]
[PlyCount "56"]
[EventDate "2016.07.23"]

1. d4 Nf6 2. c4 g6 3. Nc3 Bg7 4. e4 d6 5. Nf3 O-O 6. h3 e5 7. d5 Nbd7 8. g4 Nc5
9. Qc2 a5 10. Be3 Ne8 11. g5 f5 12. gxf6 Nxf6 13. Bg2 Nh5 14. Ne2 Bf6 15. O-O-O
Nxe4 16. Nxe5 Nxf2 17. Nxg6 Bf5 18. Qb3 Nxd1 19. Nxf8 Nxe3 20. Ne6 Bxe6 21.
dxe6 Nxg2 22. Rg1 Bg5+ 23. Kb1 Nh4 24. Qxb7 h6 25. e7 Qe8 26. Qd5+ Kh8 27. Nf4
Nxf4 28. Qd4+ Kh7 0-1

[Event "Xtracon Chess Open 2016"]
[Site "Elsinore"]
[Date "2016.07.24"]
[Round "3.72"]
[White "Moe, Mogens"]
[Black "Janse, Sebastiaan"]
[Result "1-0"]
[WhiteElo "2138"]
[BlackElo "1903"]
[PlyCount "101"]
[EventDate "2016.07.23"]

1. e4 e5 2. Nf3 Nc6 3. d4 exd4 4. Nxd4 Bc5 5. Nb3 Bb6 6. Nc3 d6 7. a4 Na5 8.
Nd4 Qf6 9. Be3 Nc6 10. Bb5 Bd7 11. Bxc6 bxc6 12. O-O Ne7 13. a5 Bc5 14. Na4
Bxd4 15. Bxd4 Qg6 16. Re1 O-O 17. b4 f5 18. e5 Nd5 19. Qd2 f4 20. f3 Rab8 21.
Rab1 Bf5 22. Rb2 dxe5 23. Bxa7 Rbd8 24. Qf2 e4 25. fxe4 Bxe4 26. c4 Nf6 27.
Qxf4 Ng4 28. Qg3 Rd3 29. Qh4 Ne5 30. Kh1 Nf3 31. Qf2 Nxe1 32. Qxe1 Rdf3 33. Bg1
Rf1 34. Qd2 Qf5 35. Qd4 Qg4 36. Qe3 Qd1 37. Nc3 R8f2 38. Qxf2 Rxf2 39. Rxf2 Qd3
40. Nxe4 Qxe4 41. a6 c5 42. a7 Qa8 43. Ra2 cxb4 44. Rb2 Qb7 45. Rxb4 Qxb4 46.
a8=Q+ Kf7 47. Qd5+ Ke8 48. Qg8+ Kd7 49. Qxg7+ Kc6 50. Qd4 Qb1 51. Qd5# 1-0